000 01027aab a2200193 i 4500
001 768714001
003 CO-MdFUSB
005 20250730101434.0
008 250730t1988 ag ||||| |||| 00| 0 spa d
040 _bspa
_cCO-MdFUSB
245 1 0 _aEl I Congreso Misionero Ibero-Américano ¿"Si" o "No"?
300 _aVolumen 7, número 2 (junio, 1988), páginas: 31
_c; 27 cm
520 _aEl Congreso Misionero Iberoamericano (COMIBAM), realizado en Brasil en 1987, reunió a miles de delegados con un fuerte enfoque en las misiones. Aunque encendió el entusiasmo evangelizador, se criticó su visión reducida de la misión como solo "salir a predicar". El texto llama a una misión integral que incluya servicio, enseñanza y restauración del ser humano en su contexto, más allá del simple proselitismo.
650 _vEvangelización
650 0 _aVida cristiana
_919
773 0 _tIglesia y Misión
_049402
_959672
_gVolumen 7, número 4 (diciembre, 1988), páginas: 33 - 38
_qpáginas: 33
942 _cANA
945 _aJTF-925
999 _c51767
_d51767